| 000 | 00919nam a2200277 a 4500 | ||
|---|---|---|---|
| 008 | |||
| 020 | _a9781842142608 (hbk.) | ||
| 049 | _aMAIN | ||
| 090 |
_aREF RL801 _bFEL |
||
| 100 | _aFeldman, Steven R. | ||
| 245 | 0 |
_aHandbook of dermatologic drug therapy/ _cFeldman, Steven R., Phelps, Kathy C. [and] Verzino, Kelly C. |
|
| 260 |
_aLondon ; _aNew York : _bTaylor & Francis, _c2005 |
||
| 300 |
_axiv, 294 p. : _bill. ; _c24 cm. |
||
| 504 | _aIncludes bibliographical references. | ||
| 500 | _aIncludes index. | ||
| 650 |
_aDrug Therapy _xAntifungals |
||
| 650 | 1 | 2 |
_aSkin Diseases _xdrug therapy _vHandbooks |
| 650 | 2 | 2 |
_aDermatologic Agents _xpharmacology _vHandbooks |
| 700 | 1 | _aPhelps, Kathy C | |
| 700 | 1 | _aVerzino, Kelly C | |
| 907 |
_a.b1039462x _b05-11-18 _c01-11-18 |
||
| 003 | |||
| 005 | 20230123141130.0 | ||
| 040 | _cNUST | ||
| 942 |
_cBOOKS _kREF RL801 _mFEL |
||
| 999 |
_c168226 _d168226 |
||